000 01243nam0a2200361 4500
001 RU\NLR\bibl\312921
005 20260406131347.0
010 _a5-94563-152-3
021 _aRU
_b2002-29239
_91455
035 _a(NLR Aleph) 000308029
090 _a24936
_c24936
100 _a20020925d2001 |||y0rusy50 ca
101 0 _arus
102 _aRU
105 _aa |||||||||
200 1 _aМашенька
_e[Стихи
_eДля детей]
_fАгния Барто
_g[Худож.: И. Чукавина]
210 _aМ.
_cСтрекоза-пресс
_d2001
215 _a[11] с.
_cцв. ил.
_d16
225 1 _aМы растем
675 _a821.161.1-93Барто
_v3
_zrus
686 _a17.82.93
_2rugasnti
686 _a84(2Рос-Рус)6-5
_2rubbk
686 _aШ9(2)60=Р7-5
700 1 _4070
_7ca
_8rus
_aБарто
_bА. Л.
_f1906-1981
_gАгния Львовна
_9111548
_3RU\NLR\AUTH\771526
702 1 _4040
_7ca
_8rus
_aЧукавина
_bИ. А.
_cхудожник
_gИрина Александровна
_935749
_3RU\NLR\AUTH\7752816
801 0 _aRU
_bRKP
_c20020925
_gPSBO
801 1 _aRU
_bRKP
_c20020925
801 2 _aRU
_bNLR
_c20100603
_grcr
942 _cBOOK
980 _aNB